00385nam a2200121Ia 4500008004100000100001900041245002200060245002600082260000900108856005400117999001900171952007300190160531s9999 xx 000 0 und d aDerbel, Fethi. aAbdominal Surgery cby Fethi Derbel (ed.) c2012 uhttp://www.intechopen.com/books/abdominal-surgery c295488d295488 001040aCLbCLd2016-05-31l0r2016-05-31 00:00:00w2016-05-31yCBE